Powiaty w województwie śląskim - nagła śmierć - Statystyki

Ogólne statystyki
  • Ten quiz został rozwiązany 158 razy
    143 od ostatniego zresetowania
  • Średni wynik to 16 z 20
Answers on the Grid
Answers color-coded by a green-red scale on the quiz's grid according to % correct below.
bieruńsko-Lędziński
bieszczadzki
cieszyński
Częstochowa
człuchowski
Gliwice
hrubieszowski
janowski
jasielski
Jastrzębie-Zdrój
Jaworzno
karkonoski
kartuski
Katowice
kolski
lubliniecki
malborski
międzychodzki
mielecki
mrągowski
Mysłowice
myszkowski
opatowski
policki
puławski
raciborski
rawicki
Ruda Śląska
Rybnik
sejneński
Siemianowice Śląskie
skierniewicki
sławieński
starachowicki
szczecinecki
świebodziński
Świętochłowice
tarnogórski
tatrzański
Toruń
tucholski
Tychy
węgorzewski
włocławski
Wrocław
Zabrze
zambrowski
zwoleński
Żory
żywiecki
 
Statystyki odpowiedzi
Odpowiedź % Poprawnych
Częstochowa
89%
Gliwice
87%
Katowice
87%
Rybnik
87%
cieszyński
85%
Tychy
85%
Mysłowice
84%
Ruda Śląska
84%
Siemianowice Śląskie
84%
Zabrze
84%
Jastrzębie-Zdrój
83%
Jaworzno
82%
Świętochłowice
80%
Żory
79%
bieruńsko-Lędziński
77%
raciborski
76%
żywiecki
74%
myszkowski
68%
tarnogórski
66%
lubliniecki
63%
Nie znaleziono quizów pasujących do podanych kryteriów
Rozkład punktacji
Procent ludzi z każdym wynikiem
Percentyl według liczby udzielonych odpowiedzi
Twoja historia wyników
Nie rozwiązałeś tego quizu od ostatniego zresetowania